000 00579nam a2200217Ia 4500
003 OSt
005 20220926041904.0
006 a|||||r|||| 00| 0
007 ta
008 220923b |||||||| |||| 00| 0 eng d
037 _cGeneral Book
040 _aRTL
_cRTL
_beng
041 _2eng
_aeng
082 _aJ.2.N3, F4-;1
100 _aHoward Albert
_9141489
245 0 _aCrop production in India
_b A critical survey of it
260 _c1924
650 _aAgriculture
_927
942 _hJ.2.N3, F4-;1
_cGB
_2CC
999 _c668299
_d668299